00635nam a2200217Ia 4500003000400000005001700004006001800021007000300039008004100042037001700083040001800100041001300118082002200131100001800153245005800171260005400229300001900283490007400302500002700376650001400403OSt20220925195643.0a|||||r|||| 00| 0ta220923b |||||||| |||| 00| 0 eng d cGeneral Book aRTLcRTLbeng 2engaeng aW691:(Z).5.N6, K9 aHazard John N 0aCommunists and their lawb A search for the common  aChicagobUniversity of Chicago Press c1969 axvi, 560pccm. aColumbia University, Research Institute of Communist Affairs, Studies aBibliography: P 533-39 aCommunism